| 000 | 00469nam a2200181Ia 4500 | ||
|---|---|---|---|
| 008 | 240925s9999 xx 000 0 und d | ||
| 020 | _a9789353065966 | ||
| 082 | _a658.7 CHO | ||
| 100 | _aChopra, Sunil | ||
| 245 | 0 | _aSupply Chain Management: strategy planning and operation | |
| 250 | _a7th | ||
| 260 |
_aChennai: _bPearson _c,2019. |
||
| 300 |
_a877p. _bNA _fOriginal |
||
| 500 | _aIncludes Index | ||
| 600 | _aManagement | ||
| 650 | _aManagement | ||
| 942 | _cBK | ||
| 999 |
_c14723 _d14723 |
||